000
00296nam a22001337a 4500
008
181019b xxu||||| |||| 00| 0 eng d
020
_a
0443015120
041
_a
eng
080
_a
617
100
_a
8
101
_a
ORT
245
_a
Clinical Orthopaedic Examination
_c
Rae,R.M
942
_2
udc
_c
BK
999
_c
50231
_d
50231